000 00454nam a2200193Ia 4500
005 20240823030508.0
008 240823s9999||||xx |||||||||||||| ||und||
020 _a978-81-203-3343-7
041 _aENGLISH
082 _A005.133 P8
100 _aRajaraman V
245 0 _aComputer Basics and C Programming
250 _a1st
260 _c2008
_b#VALUE!
500 _aYES
650 _aComputer
_bComputer Science
942 _cBK
999 _c188833
_d188833